000
00211nam a22000857a 4500
008
160711b xxu||||| |||| 00| 0 eng d
100
_9
2556
_a
Kashyap, S.C
245
_a
Our Parliament
260
_a
New York
_b
NBT
_c
1989
999
_c
2222
_d
2222